Fatal detraction (Record no. 64665)

MARC details
000 -LEADER
fixed length control field 00676cam a2200181 4500
001 - CONTROL NUMBER
control field WB3636-22
008 - FIXED-LENGTH DATA ELEMENTS--GENERAL INFORMATION
fixed length control field 000000n 000 0 eng u
035 ## - SYSTEM CONTROL NUMBER
System control number (Sirsi) u108320
245 ## - TITLE STATEMENT
Title Fatal detraction
260 ## - PUBLICATION, DISTRIBUTION, ETC.
Place of publication, distribution, etc. Estates Gazette
-- (0036) 9 September 2000, 163(1)
520 ## - SUMMARY, ETC.
Summary, etc. Discusses the recent court ruling in Petra Investments Ltd v Jeffrey Rogers plc, which provides landlords and tenants with further guidance on the scope of the doctrine of non-derogation from grant.
590 ## - LOCAL NOTE (RLIN)
Local note WB
650 ## - SUBJECT ADDED ENTRY--TOPICAL TERM
Topical term or geographic name entry element PETRA INVESTMENTS LTD V JEFFREY ROGERS PLC
650 ## - SUBJECT ADDED ENTRY--TOPICAL TERM
Topical term or geographic name entry element NON-DEROGATION FROM GRANT
650 ## - SUBJECT ADDED ENTRY--TOPICAL TERM
Topical term or geographic name entry element LEASES
690 ## - LOCAL SUBJECT ADDED ENTRY--TOPICAL TERM (OCLC, RLIN)
Topical term or geographic name as entry element LANDLORD AND TENANT-LEASES
942 ## - ADDED ENTRY ELEMENTS (KOHA)
Suppress in OPAC 0
Holdings
Withdrawn status Lost status Source of classification or shelving scheme Damaged status Not for loan Home library Current library Shelving location Date acquired Total Checkouts Full call number Barcode Date last seen Copy number Price effective from Koha item type
    Dewey Decimal Classification     London London News article 13/09/2000   WB3636-22 108320-1001 06/08/2019 1 06/08/2019 News article